[Event "North Island-ch"]
[Site "Wellington"]
[Date "2019.04.21"]
[Round "6"]
[White "Yu, Jeffrey"]
[Black "Darr, Samuel"]
[Result "1/2-1/2"]
[WhiteElo "1431"]
[BlackElo "1302"]
[PlyCount "121"]
[EventDate "2019.04.19"]
[EventType "swiss"]
[EventRounds "8"]
[EventCountry "NZL"]
[SourceTitle "EXT 2020"]
[Source "ChessBase"]
[SourceDate "2019.10.17"]
[SourceVersion "1"]
[SourceVersionDate "2019.10.17"]
[SourceQuality "1"]

1. e4 e6 2. d4 d5 3. exd5 exd5 4. Bd3 Bd6 5. c3 Nf6 6. Bg5 h6 7. Bh4 Be6 8. Nf3 Nbd7 9. 0-0 0-0 10. Nbd2 Qc8 11. Re1 Re8 12. Nf1 b6 13. Qa4 c6 14. c4 dxc4 15. Be2 b5 16. Qc2 Qc7 17. a4 Bd5 18. Bg3 Bxg3 19. Nxg3 Re6 20. Rec1 Rae8 21. axb5 cxb5 22. b3 Ne4 23. Bf1 Nxg3 24. hxg3 Rc6 25. bxc4 Bxc4 26. Bxc4 Rxc4 27. Qb2 Rc8 28. Rxc4 bxc4 29. Qc3 Nb6 30. Nd2 Nd5 31. Qc2 c3 32. Nb3 Qc4 33. Rxa7 Nb4 34. Qf5 g6 35. Qd7 Rf8 36. Nc1 Nd3 37. Rc7 Qb4 38. Rb7 Qc4 39. Rc7 Qa6 40. Rxc3 Nxc1 41. Rxc1 Qd3 42. Re1 Kg7 43. d5 Ra8 44. g4 Ra5 45. d6 Ra6 46. Re7 Qd1+ 47. Kh2 Qxd6+ 48. Qxd6 Rxd6 49. Rb7 Kf6 50. f4 Rd4 51. g5+ hxg5 52. fxg5+ Kxg5 53. Rxf7 Rf4 54. Rxf4 Kxf4 55. Kh3 g5 56. g4 Kf3 57. Kh2 Ke2 58. Kh3 Kf3 59. Kh2 Kxg4 60. Kg2 Kh4 61. Kh2 1/2-1/2

[Event "NZL-ch Major op"]
[Site "Auckland"]
[Date "2019.01.16"]
[Round "3"]
[White "Vincent, David A"]
[Black "Yu, Jeffrey"]
[Result "1-0"]
[WhiteElo "1410"]
[BlackElo "1538"]
[PlyCount "143"]
[EventDate "2019.01.14"]
[EventType "swiss"]
[EventRounds "9"]
[EventCountry "NZL"]
[SourceTitle "CBM 189 Extra"]
[Source "ChessBase"]
[SourceDate "2019.06.03"]
[SourceVersion "1"]
[SourceVersionDate "2019.06.03"]
[SourceQuality "1"]

1. c4 e5 2. g3 Nf6 3. Bg2 Nc6 4. Nc3 Bb4 5. e3 Bxc3 6. bxc3 0-0 7. Ne2 e4 8. 0-0 Ne5 9. Nf4 Nxc4 10. d4 exd3 11. Qxd3 Ne5 12. Qb5 Nc6 13. Bb2 a6 14. Qe2 d6 15. Rfd1 Re8 16. Rd2 Qe7 17. h3 Bf5 18. g4 Be4 19. f3 Bg6 20. e4 Rad8 21. Rad1 Ne5 22. c4 Nc6 23. h4 h6 24. Kf2 Bh7 25. Rh1 Nd7 26. Nd5 Qf8 27. Nxc7 Re7 28. Nd5 Re6 29. Nc7 Re7 30. Nd5 Re6 31. Nf4 Rf6 32. Bxf6 Nxf6 33. Nd5 Nxd5 34. cxd5 Ne7 35. h5 Rc8 36. Rc2 Rxc2 37. Qxc2 Qc8 38. Qxc8+ Nxc8 39. Rc1 Nb6 40. Rb1 Nc4 41. Rxb7 Kf8 42. Bf1 Ne5 43. Bxa6 g6 44. Ke3 Kg7 45. hxg6 Bxg6 46. Rb1 h5 47. gxh5 Bxh5 48. f4 Nd7 49. Bc8 Nc5 50. Rc1 Kf6 51. Bf5 Bg6 52. Bxg6 Kxg6 53. e5 dxe5 54. Rxc5 exf4+ 55. Kxf4 Kf6 56. Rc6+ Ke7 57. Kf5 Kd7 58. Kf6 Ke8 59. d6 Kd7 60. Ra6 Ke8 61. Kf5 Kd7 62. Ke5 Kd8 63. Rb6 Kd7 64. a4 Kd8 65. a5 Kd7 66. Rb7+ Ke8 67. a6 Kf8 68. a7 Kg7 69. a8Q Kg6 70. Qg8+ Kh6 71. Kf5 Kh5 72. Qg5# 1-0